• 首页
  • 本馆介绍
  • 公告通知
  • 最新文献
  • 馆藏检索
  • 电子资源
  • 读者导购
  • 参考咨询
  • 我的图书馆
  • 登录
  • 详细信息显示
  • 放入我的书架
  • 预约/预借图书
  • 作者相关作品
  • 分类相关作品
  • 丛书相关作品
  • 出版社相关作品

书目信息

  • 表格格式
  • 工作单格式
  • 卡片格式
题名:
错别字逐个捉
    
 
作者: 王卓英 , 赵颖 , 蒙海燕 编著
分册:  
出版信息: 北京   中国海关出版社  2006
页数: 571页
开本: 21cm
丛书名:
单 册:
中图分类: H124.1
科图分类:
主题词: 汉字--错别字--分析 , 错别字 , 汉字
电子资源:
ISBN: 7-80165-317-3
000 00917nam0 2200265 450
001 003050364
005 20061123143627.90
010    @a7-80165-317-3@dCNY30.00
100    @a20060104d2006 em y0chiy0110 ea
101 0  @achi
102    @aCN@b110000
105    @ay z 000yy
200 1  @a错别字逐个捉@9cuo bie zi zhu ge zhuo@f蒙海燕,王卓英,赵颖等编著
210    @a北京@c中国海关出版社@d2006
215    @a571页@d21cm
330    @a本书根据汉字的特点,将出现错别字的情况做了细致的分类,根据不同类别汉字的特点给予不同的阐述。书中的错别字涵盖了中高考必考的所有错别字,大部分习题都来源于历届中高考的原题或根据原题改变的习题。
606 0  @a汉字@x错别字@x分析
606 0  @a错别字
606 0  @a汉字
690    @aH124.1@v4
701  0 @a王卓英@9wang zhuo ying@4编著
701  0 @a赵颖@9zhao ying@c(文字学)@4编著
701  0 @a蒙海燕@9meng hai yan@4编著
801  0 @aCN@bNLC@c20061123
905    @a10447@dH124.1@e132
    
    错别字逐个捉/蒙海燕,王卓英,赵颖等编著.-北京:中国海关出版社,2006
    571页;21cm
    
    
    ISBN 7-80165-317-3:CNY30.00
    本书根据汉字的特点,将出现错别字的情况做了细致的分类,根据不同类别汉字的特点给予不同的阐述。书中的错别字涵盖了中高考必考的所有错别字,大部分习题都来源于历届中高考的原题或根据原题改变的习题。
●
相关链接 在E读中查询图书 在五车中查询图书 在当当中查询图书 在豆瓣中查询图书


正题名:错别字逐个捉     索取号:H124.1/132         预约/预借

序号 登录号 条形码 馆藏地/架位号 状态 备注
1 0390317   203903179   第二样本阅览室/ [索取号:H124.1/132] 在馆    
2 0390318   203903188   第四借阅区/ [索取号:H124.1/132] 在馆    
3 0390319   203903197   第四借阅区/ [索取号:H124.1/132] 在馆    
4 0390320   203903204   第四借阅区/ [索取号:H124.1/132] 在馆    
5 0390321   203903213   第四借阅区/ [索取号:H124.1/132] 在馆    
唐山师范学院图书馆 欢迎您!
大连网信软件有限公司© 版权所有